Bài tập hoá học đại cương (Hoá học lý thuyết cơ sở)

Wedi'i Gadw mewn:
Manylion Llyfryddiaeth
Prif Awdur: Lâm Ngọc Thiềm (Chủ Biên)
Fformat: Llyfr
Tagiau: Ychwanegu Tag
Dim Tagiau, Byddwch y cyntaf i dagio'r cofnod hwn!
Thư viện lưu trữ: Mạng thư viện Đại học Đà Nẵng
LEADER 00601nam a2200205 4500
001 000008627
003 4819
005 20150812140859.0
008 111019s sd
100 0 |a Lâm Ngọc Thiềm  |e Chủ Biên 
245 0 0 |a Bài tập hoá học đại cương  |b (Hoá học lý thuyết cơ sở)  |c Lâm Ngọc Thiềm;Trần Hiệp Hải 
300 |a 402tr.  |c 20 cm 
OWN |a LSP 
999 |a From the UDN01 
TYP |a Monograph 
TYP |a Printed language 
980 |a Mạng thư viện Đại học Đà Nẵng